LEADER 01330nam a2200241 a 4500 001 000000127599 003 CaOOAMICUS 005 20120213143729.0 008 120213t2010 be u000 u eng r 040 $aPUL$bita 100 1 $aShea, William R.$0(OLS)http://pul/name/65390 245 11$a[Recensione :] Flavia Marcacci (ed.): Catalogue of the exhibition "Magna longeque admirabilia. Astronomia e cosmologia nel fondo antico della Biblioteca Beato Pio IX" /$cWilliam Shea. 260 $aTurnhout :$bBrepols,$c2010. 300 $a207-209 p. ;$c23 cm. 500 $aEstratto da "Archives internationales d'histoire des sciences" vol. 60, n. 165 (Dec. 2010). 650 4$aCosmologia$ySec. XVI-XVIII$xCataloghi.$0(OLS)http://pul/subject/36333 650 4$aAstronomia$ySec. XVI-XVIII$xCataloghi.$0(OLS)http://pul/subject/36332 700 1 $aMarcacci, Flavia,$d1976-$0(OLS)http://pul/name/58835 850 $aPUL 852 $aPUL$W1$xSL Cons. Gen., Altre Classi 3$y75$m016. 5 MARFL 2$j147645$qDDC 21$B146263$CPULBib$Z2$F146263 $82 941 1 $a9 996 $6245$a[Recensione :] Flavia Marcacci (ed.): Catalogue of the exhibition "Magna longeque admirabilia. Astronomia e cosmologia nel fondo antico della Biblioteca Beato Pio IX"$9(OLS)http://pul/title/161253 996 $6260$aTurnhout :$bBrepols$9(OLS)http://pul/publisher/47850 LEADER 01379nam a2200313 u 4500 001 000000030603 003 CaOOAMICUS 005 20070226112039.0 008 970917s1979 it u000 u ita u 035 $a10769742 040 $aPUL$bita 041 1 $aita$hger 100 1 $aRad, Gerhard von.$0(OLS)http://pul/name/5945 240 10$aFünfte Buch Mose, Deuteronomium.$lItaliano.$0(OLS)http://pul/title/42031 245 10$aDeuteronomio /$ctraduzione e commento di Gerhard von Rad ; traduzione italiana di Antonio Dal Bianco ; edizione italiana a cura di Giovanni Odasso. 260 $aBrescia :$bPaideia,$cc1979. 300 $a231 p. ;$c21 cm 490 1 $aAntico Testamento ;$v8 630 04$aBiblia.$pV.T.$pDeuteronomium$xCommenti.$0(OLS)http://pul/subject/1948 700 1 $aOdasso, Giovanni.$0(OLS)http://pul/name/19417 700 1 $aDal Bianco, Antonio.$0(OLS)http://pul/name/24619 730 0 $aBiblia.$pV.T.$pDeuteronomium.$lItaliano.$0(OLS)http://pul/title/42033 830 0$aAntico Testamento ;$v8.$0(OLS)http://pul/title/18620 850 $aPUL 852 $aPUL$W1$xSL Religione 1$y3$m1(6) H 8$j42306$nBK-PRI$b $qStampati$B42306$CPULBib$Z2$F42306 $H $81 941 1 $a8 961 $aINV: 47573 996 $6245$aDeuteronomio$9(OLS)http://pul/title/42032 996 $6260$aBrescia :$bPaideia$9(OLS)http://pul/publisher/47884